[Event "AUT-chT2M 2223"]
[Site "Austria"]
[Date "2022.10.22"]
[Round "5.4"]
[White "Kravanja, Georg"]
[Black "Wisnet, Dominic"]
[Result "1-0"]
[WhiteElo "2204"]
[BlackElo "2312"]
[PlyCount "107"]
[EventDate "2022.09.30"]
[EventType "team-tourn"]
[EventRounds "11"]
[EventCountry "AUT"]
[SourceTitle "EXT 2024"]
[Source "ChessBase"]
[SourceDate "2023.10.10"]
[SourceVersion "1"]
[SourceVersionDate "2023.10.10"]
[SourceQuality "1"]
[WhiteTeam "Graz Schachfreunde"]
[BlackTeam "Sauwald"]
[WhiteTeamCountry "AUT"]
[BlackTeamCountry "AUT"]

1. d4 Nf6 2. c4 e6 3. Nc3 c5 4. d5 exd5 5. cxd5 d6 6. e4 g6 7. Nge2 Bg7 8. Ng3 0-0 9. Be2 Nbd7 10. 0-0 a6 11. a4 Ne8 12. Bf4 h5 13. Re1 Ne5 14. Qd2 Kh7 15. h3 b6 16. Bg5 Bf6 17. Bxf6 Qxf6 18. f4 Nd7 19. Bf3 Ra7 20. Qe3 Qh4 21. Be2 Ng7 22. Bd3 Re8 23. Qf3 Kg8 24. Re2 g5 25. Nf5 Nxf5 26. exf5 Rxe2 27. Qxe2 Qxf4 28. Ne4 Ne5 29. Rf1 Qh4 30. Bc2 g4 31. Nxd6 Re7 32. Be4 Nf3+ 33. gxf3 Qg3+ 34. Qg2 Qxd6 35. hxg4 f6 36. Qh2 Qxh2+ 37. Kxh2 hxg4 38. d6 Re5 39. Rd1 Bd7 40. Bd5+ Kf8 41. fxg4 Bxa4 42. b3 Bd7 43. Kg3 Ke8 44. Kf4 a5 45. Be4 c4 46. bxc4 Rc5 47. Bd5 a4 48. g5 fxg5+ 49. Kxg5 Bc6 50. f6 Kf8 51. Kg6 Be8+ 52. f7 b5 53. Rh1 Rxd5 54. Rh8# 1-0

[Event "AUT-chT2M 2223"]
[Site "Austria"]
[Date "2022.10.21"]
[Round "4.4"]
[White "Kuba, Guenter"]
[Black "Kravanja, Georg"]
[Result "1/2-1/2"]
[WhiteElo "2323"]
[BlackElo "2204"]
[PlyCount "70"]
[EventDate "2022.09.30"]
[EventType "team-tourn"]
[EventRounds "11"]
[EventCountry "AUT"]
[SourceTitle "EXT 2024"]
[Source "ChessBase"]
[SourceDate "2023.10.10"]
[SourceVersion "1"]
[SourceVersionDate "2023.10.10"]
[SourceQuality "1"]
[WhiteTeam "Fuerstenfeld/Hartberg"]
[BlackTeam "Graz Schachfreunde"]
[WhiteTeamCountry "AUT"]
[BlackTeamCountry "AUT"]

1. e4 g6 2. d4 Bg7 3. Nc3 d6 4. Be3 a6 5. g3 b5 6. a3 Bb7 7. Bg2 Nd7 8. Nge2 Nb6 9. b3 Nf6 10. h3 Nfd7 11. Qd2 h6 12. 0-0 c5 13. f4 Rc8 14. f5 g5 15. dxc5 Nxc5 16. Bd4 Be5 17. f6 exf6 18. Rad1 Ne6 19. Bxe5 dxe5 20. Qe3 Nd7 21. Kh2 Qb6 22. Qf3 Nd4 23. Nxd4 exd4 24. Nd5 Bxd5 25. exd5 Rc3 26. Qe4+ Kf8 27. Rxd4 Kg7 28. Rd2 Qd6 29. Rf3 Rhc8 30. Qf5 Ne5 31. Rxc3 Rxc3 32. Be4 Ng6 33. Qf2 Ne5 34. Qf5 Ng6 35. Qf2 Ne5 1/2-1/2

[Event "AUT-chT2M 2122"]
[Site "Austria"]
[Date "2021.10.24"]
[Round "6.4"]
[White "Schernthaner, David"]
[Black "Kravanja, Georg"]
[Result "1-0"]
[WhiteElo "2229"]
[BlackElo "2199"]
[PlyCount "141"]
[EventDate "2021.10.01"]
[EventType "team-tourn"]
[EventRounds "11"]
[EventCountry "AUT"]
[SourceTitle "EXT 2023"]
[Source "ChessBase"]
[SourceDate "2022.10.05"]
[SourceVersion "1"]
[SourceVersionDate "2022.10.05"]
[SourceQuality "1"]
[WhiteTeam "Fuerstenfeld/Hartberg"]
[BlackTeam "Graz Schachfreunde"]
[WhiteTeamCountry "AUT"]
[BlackTeamCountry "AUT"]

1. e4 c6 2. d4 d5 3. e5 Bf5 4. Nd2 e6 5. Nb3 Nd7 6. Nf3 Ne7 7. Be2 Nc8 8. 0-0 Be7 9. a4 a5 10. Bd2 0-0 11. Rc1 f6 12. exf6 Bxf6 13. Bf4 Ncb6 14. Ra1 Nc4 15. Nbd2 b5 16. b3 Nxd2 17. Qxd2 b4 18. Bd3 Bxd3 19. Qxd3 c5 20. Rad1 cxd4 21. Nxd4 Nc5 22. Qe3 Bxd4 23. Qxd4 Ne4 24. Be5 Rf7 25. f3 Nc3 26. Rde1 Rc8 27. Kh1 Rc6 28. h4 Qf8 29. Qg4 Rf5 30. Kh2 h5 31. Qg3 Qf7 32. Bd4 Kh7 33. Rf2 Qd7 34. Kh1 Qf7 35. Rd2 Rc8 36. Rxe6 Rc7 37. Re1 Re7 38. Rxe7 Qxe7 39. Bxc3 bxc3 40. Rd3 Qf6 41. Kg1 d4 42. Qf2 Rd5 43. Qe1 Re5 44. Qf2 Rd5 45. Rd1 Qg6 46. Qe2 d3 47. cxd3 Qb6+ 48. Kh2 Qxb3 49. Qe4+ Kg8 50. Qe8+ Kh7 51. Qe4+ Kg8 52. Rc1 Rc5 53. Qe8+ Kh7 54. Qe4+ Kg8 55. Qe8+ Kh7 56. d4 Rc7 57. Qxh5+ Kg8 58. Qe8+ Kh7 59. Qh5+ Kg8 60. Re1 Rf7 61. Qb5 Qxb5 62. axb5 Rf4 63. b6 Rxh4+ 64. Kg3 Rxd4 65. Re8+ Kh7 66. b7 c2 67. b8Q c1Q 68. Rh8+ Kg6 69. Qb6+ Kf5 70. Qxd4 Qe1+ 71. Kh2 1-0

[Event "AUT-ch Zwisch Internet"]
[Site "Playchess.com INT"]
[Date "2020.05.02"]
[Round "13"]
[White "Sadilek, Peter"]
[Black "Kravanja, Georg"]
[Result "0-1"]
[WhiteElo "2340"]
[BlackElo "2199"]
[PlyCount "68"]
[EventDate "2020.05.02"]
[EventType "swiss (blitz)"]
[EventRounds "13"]
[EventCountry "AUT"]
[SourceTitle "CBM 195 Extra"]
[Source "ChessBase"]
[SourceDate "2020.05.31"]
[SourceVersion "1"]
[SourceVersionDate "2020.05.31"]
[SourceQuality "1"]

1. d4 Nf6 2. c4 g6 3. Nc3 d5 4. cxd5 Nxd5 5. e4 Nxc3 6. bxc3 Bg7 7. Nf3 c5 8. Bb5+ Bd7 9. Be2 0-0 10. Rb1 cxd4 11. cxd4 Qa5+ 12. Qd2 Qxd2+ 13. Bxd2 b6 14. 0-0 Bc6 15. d5 Bb7 16. Rfc1 Na6 17. Bg5 f6 18. Be3 f5 19. e5 Rac8 20. Bc4 Kh8 21. Bd4 Rxc4 22. Rxc4 Bxd5 23. Ra4 Bb7 24. e6 Rd8 25. Bxg7+ Kxg7 26. Rc1 Kf6 27. Nd4 Nc5 28. Rb4 a5 29. Rbc4 Ba6 30. Nc6 Rd6 31. Rxc5 bxc5 32. Nxa5 c4 33. f3 Rxe6 34. Nxc4 Rc6 0-1

[Event "AUT-ch Vor3 Internet"]
[Site "Playchess.com INT"]
[Date "2020.04.17"]
[Round "7"]
[White "Mostbauer, Maximilian"]
[Black "Kravanja, Georg"]
[Result "1-0"]
[WhiteElo "2217"]
[BlackElo "2199"]
[PlyCount "127"]
[EventDate "2020.04.17"]
[EventType "swiss (blitz)"]
[EventRounds "9"]
[EventCountry "AUT"]
[SourceTitle "CBM 195 Extra"]
[Source "ChessBase"]
[SourceDate "2020.05.31"]
[SourceVersion "1"]
[SourceVersionDate "2020.05.31"]
[SourceQuality "1"]

1. d4 Nf6 2. Nf3 g6 3. g3 Bg7 4. Bg2 0-0 5. 0-0 d5 6. b3 c5 7. Bb2 cxd4 8. Nxd4 Nc6 9. Nxc6 bxc6 10. Nd2 a5 11. c4 a4 12. e4 a3 13. Bd4 Bg4 14. f3 Be6 15. cxd5 cxd5 16. e5 Nd7 17. f4 Qa5 18. Nf3 Bg4 19. Qd2 Qxd2 20. Nxd2 e6 21. Rfc1 Rfc8 22. Kf2 Bf5 23. h3 h5 24. Ke3 f6 25. exf6 Bxf6 26. Bxf6 Nxf6 27. Nf3 Be4 28. Bf1 Bxf3 29. Kxf3 Kf7 30. Bd3 Ne8 31. Ke3 Nd6 32. g4 hxg4 33. hxg4 Kf6 34. g5+ Kf7 35. Kd4 Nf5+ 36. Bxf5 exf5 37. Rh1 Kg7 38. Rae1 Re8 39. Rxe8 Rxe8 40. Kxd5 Re2 41. Ra1 Rf2 42. b4 Rxf4 43. b5 Rb4 44. Kc6 f4 45. b6 Kf7 46. Kc7 Ke6 47. b7 Kf5 48. b8Q Rxb8 49. Kxb8 Kxg5 50. Kb7 f3 51. Rg1+ Kf5 52. Rg3 Kf4 53. Rxg6 f2 54. Rf6+ Ke3 55. Kb6 Ke2 56. Kb5 f1Q 57. Rxf1 Kxf1 58. Kb4 Ke2 59. Kxa3 Kd3 60. Ka4 Kd4 61. Kb5 Kd5 62. Kb6 Kd6 63. a4 Kd7 64. Kb7 1-0

[Event "AUT-chT2M 1920"]
[Site "Austria"]
[Date "2020.01.12"]
[Round "9.4"]
[White "Schnider, Gert"]
[Black "Kravanja, Georg"]
[Result "1-0"]
[WhiteElo "2423"]
[BlackElo "2282"]
[PlyCount "81"]
[EventDate "2019.10.11"]
[EventType "team-tourn"]
[EventRounds "11"]
[EventCountry "AUT"]
[SourceTitle "CBM 194 Extra"]
[Source "ChessBase"]
[SourceDate "2020.03.31"]
[SourceVersion "1"]
[SourceVersionDate "2020.03.31"]
[SourceQuality "1"]
[WhiteTeam "Pinggau Friedberg"]
[BlackTeam "Graz Schachfreunde"]
[WhiteTeamCountry "AUT"]
[BlackTeamCountry "AUT"]

1. c4 c6 2. Nf3 d5 3. e3 Nf6 4. Nc3 g6 5. d4 Bg7 6. Be2 0-0 7. 0-0 Bg4 8. cxd5 Nxd5 9. Qb3 Nxc3 10. bxc3 Qc7 11. Ba3 b6 12. Rac1 h6 13. h3 Bc8 14. e4 Re8 15. e5 c5 16. dxc5 Be6 17. Qa4 Nd7 18. Nd4 Nxc5 19. Bxc5 Qxc5 20. Nxe6 fxe6 21. Qg4 Qxe5 22. Bc4 Kh7 23. Rce1 Qf5 24. Qg3 e5 25. Bd3 Qg5 26. Qf3 Rf8 27. Qb7 Rac8 28. Re3 Rb8 29. Qxa7 Ra8 30. Qxb6 Rf6 31. Qb1 Raf8 32. Rg3 Qh5 33. Be4 Ra6 34. c4 Rff6 35. Qc2 Ra7 36. c5 Rc7 37. c6 e6 38. Rd1 Qh4 39. Rd6 Qh5 40. Rd7 Rc8 41. c7 1-0

[Event "AUT-chT2M 1819"]
[Site "Austria"]
[Date "2019.03.03"]
[Round "11.2"]
[White "Velicka, Petr"]
[Black "Kravanja, Georg"]
[Result "1-0"]
[WhiteElo "2428"]
[BlackElo "2270"]
[PlyCount "113"]
[EventDate "2018.10.19"]
[EventType "team-tourn"]
[EventRounds "11"]
[EventCountry "AUT"]
[SourceTitle "CBM 189 Extra"]
[Source "ChessBase"]
[SourceDate "2019.06.03"]
[SourceVersion "1"]
[SourceVersionDate "2019.06.03"]
[SourceQuality "1"]
[WhiteTeam "Steyregg"]
[BlackTeam "Graz Schachfreunde"]
[WhiteTeamCountry "AUT"]
[BlackTeamCountry "AUT"]

1. e4 c6 2. d4 d5 3. Nc3 dxe4 4. Nxe4 Bf5 5. Ng3 Bg6 6. h4 h6 7. Nf3 Nd7 8. h5 Bh7 9. Bd3 Bxd3 10. Qxd3 e6 11. Bd2 Ngf6 12. 0-0-0 Be7 13. Kb1 0-0 14. Ne4 Nxe4 15. Qxe4 Nf6 16. Qe2 Qd5 17. Be3 b5 18. Ne5 Nd7 19. f4 Rad8 20. Bc1 Nxe5 21. dxe5 Qc5 22. Be3 Qb4 23. Qf3 Rd5 24. Rxd5 cxd5 25. Rd1 Rc8 26. Bd4 Bc5 27. c3 Qa4 28. f5 exf5 29. b3 Qa6 30. Qxd5 Bxd4 31. cxd4 b4 32. Qd7 Qe6 33. Qxe6 fxe6 34. Rc1 Rxc1+ 35. Kxc1 g5 36. hxg6 Kg7 37. Kd2 Kxg6 38. Kd3 h5 39. d5 exd5 40. Kd4 f4 41. Kxd5 f3 42. gxf3 h4 43. e6 h3 44. Kd6 h2 45. e7 Kf7 46. Kd7 h1Q 47. e8Q+ Kf6 48. Qe7+ Kg6 49. Qe4+ Kf7 50. Qf4+ Kg6 51. Ke6 Qd1 52. Qg4+ Kh7 53. Qh5+ Kg7 54. Qg5+ Kh7 55. f4 Qf3 56. Kf7 Qb7+ 57. Qe7 1-0

[Event "Graz op-A"]
[Site "Graz"]
[Date "2019.02.21"]
[Round "6"]
[White "Kravanja, Georg"]
[Black "Christiansen, Johan Sebastian"]
[Result "0-1"]
[WhiteElo "2286"]
[BlackElo "2559"]
[PlyCount "90"]
[EventDate "2019.02.17"]
[EventType "swiss"]
[EventRounds "9"]
[EventCountry "AUT"]
[SourceTitle "CBM 189 Extra"]
[Source "ChessBase"]
[SourceDate "2019.06.03"]
[SourceVersion "1"]
[SourceVersionDate "2019.06.03"]
[SourceQuality "1"]

1. d4 Nf6 2. c4 c5 3. d5 b5 4. cxb5 a6 5. f3 axb5 6. e4 Qa5+ 7. Bd2 b4 8. Na3 d6 9. Nc4 Qc7 10. a3 bxa3 11. Rxa3 Rxa3 12. bxa3 g6 13. Bd3 Bg7 14. Ne2 0-0 15. 0-0 Ba6 16. Qc2 Nbd7 17. a4 Qa7 18. Kh1 Rb8 19. Bc3 Nb6 20. Nxb6 Qxb6 21. Bxa6 Qxa6 22. Ra1 Nd7 23. Bxg7 Kxg7 24. h3 Kg8 25. Kh2 Rb4 26. Nc3 Qa5 27. Ra3 Ne5 28. Rb3 Rxb3 29. Qxb3 c4 30. Qc2 h5 31. Qd2 Nd3 32. Qc2 h4 33. Qd2 Qb4 34. Qc2 Nc5 35. Kh1 Qa3 36. Kh2 Qa1 37. Na2 Nb3 38. Nc3 Qe1 39. Nb1 Nd4 40. Qc3 Qd1 41. Qe3 Ne2 42. Na3 Ng3 43. Qg1 Nf1+ 44. Kh1 c3 45. a5 Qc1 0-1

[Event "AUT-chT2M 1819"]
[Site "Austria"]
[Date "2018.11.25"]
[Round "5.3"]
[White "Milanovic, Danilo"]
[Black "Kravanja, Georg"]
[Result "1-0"]
[WhiteElo "2486"]
[BlackElo "2299"]
[PlyCount "77"]
[EventDate "2018.10.19"]
[EventType "team-tourn"]
[EventRounds "11"]
[EventCountry "AUT"]
[SourceTitle "CBM 187 Extra"]
[Source "ChessBase"]
[SourceDate "2018.11.04"]
[SourceVersion "1"]
[SourceVersionDate "2018.11.04"]
[SourceQuality "1"]
[WhiteTeam "Pinggau Friedberg"]
[BlackTeam "Graz Schachfreunde"]
[WhiteTeamCountry "AUT"]
[BlackTeamCountry "AUT"]

1. d4 Nf6 2. c4 g6 3. d5 Bg7 4. Nc3 c5 5. e4 d6 6. f3 0-0 7. Bg5 h6 8. Be3 a6 9. Qd2 Kh7 10. a4 Qa5 11. Ra3 Qc7 12. Nge2 e6 13. Nc1 Nbd7 14. Be2 exd5 15. cxd5 Re8 16. 0-0 Ne5 17. N1a2 b6 18. Rc1 Bd7 19. Nd1 b5 20. b4 c4 21. Nac3 Qb7 22. Rca1 h5 23. axb5 axb5 24. Ra7 Rxa7 25. Rxa7 Qb8 26. Ra6 Qc7 27. Ra7 Qb8 28. Qa2 Rc8 29. Qa5 Be8 30. Ra6 Nd3 31. Na2 Bf8 32. Ra7 Nd7 33. Ndc3 N7e5 34. Qa6 Kg8 35. Kf1 Bd7 36. Bd1 Rc7 37. Ra8 Qb7 38. Qxb7 Rxb7 39. Bh6 1-0

[Event "AUT-chT2M 1819"]
[Site "Austria"]
[Date "2018.10.20"]
[Round "2.6"]
[White "Kravanja, Georg"]
[Black "Cigan, Stefan"]
[Result "1/2-1/2"]
[WhiteElo "2270"]
[BlackElo "2345"]
[PlyCount "68"]
[EventDate "2018.10.19"]
[EventType "team-tourn"]
[EventRounds "11"]
[EventCountry "AUT"]
[SourceTitle "CBM 186 Extra"]
[Source "ChessBase"]
[SourceDate "2018.08.24"]
[SourceVersion "1"]
[SourceVersionDate "2018.08.24"]
[SourceQuality "1"]
[WhiteTeam "Graz Schachfreunde"]
[BlackTeam "Frauental"]
[WhiteTeamCountry "AUT"]
[BlackTeamCountry "AUT"]

1. d4 Nf6 2. c4 g6 3. Nc3 d5 4. cxd5 Nxd5 5. Nf3 Bg7 6. Qb3 Nxc3 7. bxc3 c5 8. e3 0-0 9. Be2 Nc6 10. 0-0 b6 11. Rd1 Na5 12. Qa3 Qc7 13. Bd2 Be6 14. Be1 Bc4 15. Bxc4 Nxc4 16. Qb3 Nd6 17. Bd2 Rfc8 18. Bc1 Ne4 19. Nd2 Nxd2 20. Rxd2 cxd4 21. cxd4 Qc3 22. Qxc3 Rxc3 23. Bb2 Rc4 24. Rc1 Rxc1+ 25. Bxc1 Rc8 26. Bb2 e6 27. Kf1 Bf8 28. a3 b5 29. Ke2 b4 30. a4 b3 31. Kd1 Rc4 32. Rd3 Rxa4 33. Rxb3 Rb4 34. Kc2 f5 1/2-1/2

[Event "AUT-chT2M 1718"]
[Site "Austria"]
[Date "2018.02.11"]
[Round "9.3"]
[White "Hajnal, Zoltan"]
[Black "Kravanja, Georg"]
[Result "1-0"]
[WhiteElo "2360"]
[BlackElo "2268"]
[PlyCount "61"]
[EventDate "2017.10.27"]
[EventType "team-tourn"]
[EventRounds "11"]
[EventCountry "AUT"]
[SourceTitle "EXT 2019"]
[Source "ChessBase"]
[SourceDate "2018.10.10"]
[SourceVersion "1"]
[SourceVersionDate "2018.10.10"]
[SourceQuality "1"]
[WhiteTeam "St Valentin"]
[BlackTeam "Graz Schachfreunde"]
[WhiteTeamCountry "AUT"]
[BlackTeamCountry "AUT"]

1. e4 c6 2. d4 d5 3. Nc3 dxe4 4. Nxe4 Bf5 5. Ng3 Bg6 6. Bc4 e6 7. N1e2 Bd6 8. h4 h6 9. Nf4 Bxf4 10. Bxf4 Nf6 11. Qe2 Nbd7 12. h5 Bh7 13. 0-0-0 b5 14. Bd3 Bxd3 15. Rxd3 Nb6 16. Nf5 Nbd5 17. Nd6+ Kf8 18. Be5 a5 19. Nb7 Qe8 20. Rg3 Ra7 21. Nc5 a4 22. Rhh3 Qd8 23. Kb1 Nb4 24. Bxf6 gxf6 25. Qg4 Nd5 26. Rh1 Nc7 27. Qg7+ Ke7 28. Rf3 Nd5 29. Re1 Kd6 30. Qg3+ e5 31. Rxe5 1-0

[Event "AUT-chT2M 1718"]
[Site "Austria"]
[Date "2018.02.09"]
[Round "7.3"]
[White "Tomazini, Zan"]
[Black "Kravanja, Georg"]
[Result "1/2-1/2"]
[WhiteElo "2416"]
[BlackElo "2268"]
[PlyCount "107"]
[EventDate "2017.10.27"]
[EventType "team-tourn"]
[EventRounds "11"]
[EventCountry "AUT"]
[SourceTitle "EXT 2019"]
[Source "ChessBase"]
[SourceDate "2018.10.10"]
[SourceVersion "1"]
[SourceVersionDate "2018.10.10"]
[SourceQuality "1"]
[WhiteTeam "Maria Saal II"]
[BlackTeam "Graz Schachfreunde"]
[WhiteTeamCountry "AUT"]
[BlackTeamCountry "AUT"]

1. e4 c6 2. d4 d5 3. exd5 cxd5 4. c4 Nf6 5. Nc3 Nc6 6. Bg5 dxc4 7. Bxc4 Qxd4 8. Qxd4 Nxd4 9. 0-0-0 e5 10. f4 Bg4 11. Re1 Nd7 12. fxe5 Be6 13. Bd5 Bxd5 14. Nxd5 Ne6 15. Nf3 Bc5 16. Re4 Nf6 17. Nc3 0-0 18. h4 h6 19. Bd2 Rfd8 20. Rg4 Kf8 21. Ne4 Be7 22. Kb1 Rd5 23. Ng3 Rad8 24. Bc1 Nd7 25. Nf5 h5 26. Re4 Ndc5 27. Re2 Nd3 28. Be3 b6 29. a3 Bc5 30. Rf1 Bxe3 31. Nxe3 R5d7 32. Nf5 Ndf4 33. Rc2 Rd1+ 34. Rxd1 Rxd1+ 35. Ka2 g6 36. Nd6 Nd3 37. Rc8+ Ke7 38. Ra8 Nxe5 39. Nxe5 Rxd6 40. Rxa7+ Kf6 41. Nc4 Rc6 42. Rxf7+ Kxf7 43. Ne5+ Kf6 44. Nxc6 Nf4 45. g3 Ne2 46. a4 Nxg3 47. b4 Ke6 48. a5 bxa5 49. bxa5 Kd6 50. Ne5 Kc5 51. Nxg6 Nf5 52. a6 Kb6 53. Kb3 Kxa6 54. Kc4 1/2-1/2

[Event "Steyr Landesliga 1718"]
[Site "Austria"]
[Date "2018.02.03"]
[Round "8.1"]
[White "Kravanja, Georg"]
[Black "Poetz, Florian"]
[Result "1/2-1/2"]
[WhiteElo "2247"]
[BlackElo "2385"]
[PlyCount "51"]
[EventDate "2017.09.30"]
[EventType "team-tourn"]
[EventRounds "11"]
[EventCountry "AUT"]
[SourceTitle "EXT 2019"]
[Source "ChessBase"]
[SourceDate "2018.10.10"]
[SourceVersion "1"]
[SourceVersionDate "2018.10.10"]
[SourceQuality "1"]
[WhiteTeam "Graz Schachfreunde II"]
[BlackTeam "Fuerstenfeld/Hartberg II"]
[WhiteTeamCountry "AUT"]
[BlackTeamCountry "AUT"]

1. d4 Nf6 2. c4 e6 3. Nc3 Bb4 4. e3 b6 5. Nge2 c5 6. a3 Ba5 7. Rb1 Na6 8. Qa4 Bb7 9. b4 Bc6 10. b5 Be4 11. Ra1 Nb8 12. Bd2 Bb7 13. Nc1 0-0 14. dxc5 bxc5 15. Qc2 Bxc3 16. Bxc3 Ne4 17. Nb3 Nxc3 18. Qxc3 Qc7 19. f3 d6 20. Be2 Nd7 21. 0-0 Rad8 22. a4 f5 23. Rfd1 Ne5 24. Rd2 h6 25. Rad1 Nf7 26. Qa5 1/2-1/2